000 00362pab a2200145 454500
008 180718b1983 xxu||||| |||| 00| 0 eng d
100 _aSeetharam, G.N.
245 _aThe public sector in the United States
_bSome trends
260 _c1983
300 _a31-5
362 _aAug.
650 _aGovernment Enterprise - U.S.A.
773 _aLok Udyog
909 _a9396
999 _c9396
_d9396